000 00235nam a2200097Ia 4500
001 932832
005 20250826214934.0
008 250824s9999 xx 000 0 und d
245 0 _aALLAHA KOŞUN
_cUĞUR KOŞAR
260 _bDESTEK YAYINLARI
999 _c932832
_d932832